Statistics for 35 x 35 Multiplication Table in 18 Minutes

Click here to take the quiz!

General Stats

  • This quiz has been taken 526 times
  • The average score is 919 of 1225

Answer Stats

#% Correct
1
100%
10
99%
2
99%
3
99%
4
99%
5
99%
6
99%
7
99%
9
99%
11
98%
12
98%
13
98%
14
98%
16
98%
17
98%
18
98%
19
98%
21
98%
22
98%
23
98%
25
98%
8
98%
15
97%
20
97%
24
97%
26
97%
27
97%
28
97%
29
97%
30
97%
35
97%
36
97%
31
96%
32
96%
33
96%
34
96%
40
94%
44
94%
48
94%
50
94%
66
94%
70
94%
42
93%
45
93%
46
93%
55
93%
56
93%
60
93%
100
92%
38
92%
39
92%
52
92%
54
92%
64
92%
68
92%
80
92%
120
91%
58
91%
62
91%
63
91%
65
91%
72
91%
77
91%
90
91%
105
90%
110
90%
49
90%
57
90%
75
90%
84
90%
85
90%
88
90%
115
89%
130
89%
140
89%
150
89%
160
89%
170
89%
180
89%
210
89%
51
89%
78
89%
81
89%
96
89%
99
89%
102
88%
108
88%
112
88%
175
88%
87
88%
95
88%
125
87%
135
87%
165
87%
200
87%
69
87%
76
87%
132
86%
145
86%
155
86%
240
86%
280
86%
92
86%
93
86%
104
85%
124
85%
270
85%
300
85%
91
85%
128
84%
136
84%
144
84%
220
84%
260
84%
320
84%
330
84%
98
84%
116
83%
190
83%
230
83%
250
83%
310
83%
119
82%
126
82%
168
82%
290
82%
340
82%
350
82%
114
81%
138
81%
154
81%
225
81%
245
81%
121
80%
133
80%
156
80%
198
80%
204
80%
315
80%
117
79%
147
79%
162
79%
174
79%
176
79%
186
79%
192
79%
360
79%
400
79%
420
79%
143
78%
231
78%
153
77%
182
77%
189
77%
216
77%
224
77%
152
76%
161
76%
196
76%
234
76%
252
76%
171
75%
187
75%
203
75%
207
75%
208
75%
209
75%
217
75%
238
75%
243
75%
264
75%
275
75%
288
75%
385
75%
480
75%
184
74%
195
74%
248
74%
256
74%
297
74%
560
74%
228
73%
261
73%
279
73%
306
73%
450
73%
500
73%
600
73%
700
73%
169
72%
232
72%
242
72%
253
72%
255
72%
272
72%
286
72%
390
72%
490
72%
325
71%
380
71%
440
71%
455
71%
525
71%
540
71%
285
70%
308
70%
324
70%
352
70%
374
70%
375
70%
460
70%
221
69%
276
69%
319
69%
336
69%
341
69%
345
69%
363
69%
630
69%
247
68%
273
68%
312
68%
510
68%
520
68%
580
68%
620
68%
660
68%
900
68%
348
67%
384
67%
408
67%
640
67%
680
67%
299
66%
425
66%
800
66%
840
66%
1050
65%
266
65%
294
65%
372
65%
396
65%
405
65%
570
65%
595
65%
750
65%
289
64%
304
64%
435
64%
465
64%
475
64%
495
64%
550
64%
665
64%
720
64%
735
64%
875
64%
1225
63%
416
63%
690
63%
770
63%
780
63%
1015
62%
1120
62%
1155
62%
322
62%
338
62%
364
62%
378
62%
442
62%
810
62%
1020
61%
1085
61%
1190
61%
323
61%
351
61%
403
61%
429
61%
625
61%
650
61%
805
61%
850
61%
870
61%
910
61%
960
61%
990
61%
377
60%
406
60%
448
60%
462
60%
476
60%
725
60%
930
60%
980
60%
342
59%
392
59%
432
59%
575
59%
825
59%
945
59%
357
58%
434
58%
675
58%
775
58%
361
57%
368
57%
399
57%
464
57%
496
57%
528
57%
544
57%
418
55%
456
55%
512
55%
391
54%
441
54%
504
54%
527
54%
576
54%
437
53%
493
53%
578
53%
414
52%
459
52%
483
52%
561
52%
672
52%
468
51%
484
51%
558
51%
567
51%
588
51%
594
51%
612
51%
494
50%
522
50%
532
50%
546
50%
551
50%
589
50%
608
50%
651
50%
693
50%
486
49%
572
49%
609
49%
627
49%
646
49%
513
48%
616
47%
682
47%
704
47%
714
47%
506
46%
529
46%
624
46%
638
46%
744
46%
748
46%
726
45%
552
44%
598
44%
676
44%
713
44%
768
44%
648
43%
696
43%
736
43%
816
43%
728
42%
792
42%
868
42%
621
41%
782
41%
644
40%
667
40%
759
40%
1023
39%
1054
39%
702
39%
729
39%
754
39%
806
39%
832
39%
837
39%
961
39%
858
38%
884
38%
899
38%
992
38%
864
37%
1088
36%
1089
36%
756
36%
783
36%
784
36%
812
36%
841
36%
896
36%
1024
35%
1056
35%
1122
35%
924
35%
1156
34%
891
34%
918
34%
928
34%
957
34%
986
34%
952
33%

Score Distribution

Percentile by Number Answered

Percent of People with Each Score

Your Score History

You have not taken this quiz